Name One Twenty One Pilots Song for each Title Length - Statistics

General Stats
  • This quiz has been taken 19 times
  • The average score is 14 of 18
Answer Stats
Amount of Letters Songs % Correct
22 At The Risk Of Feeling Dumb / Before You Start Your Day / Implicit Demand For Proof / We Don't Believe What's on TV
93%
8 Jumpsuit / Polarize / Saturday / Fall Away / The Judge / Not Today / Hometown / Snap Back / Levitate / Cut My Lip / Vignette / Car Radio / Heathens / Drum Show / Slowtown / Trapdoor / Chlorine / Anathema / Drag Path / Migraine
93%
7 Lane Boy / The Hype / The Line / RAWFEAR / Bandito / My Blood / Shy Away / Garbage / Taxi Cab
87%
6 One Way / Lavish / Forest / Lovely / Choker / Legend / Screen / Cancer
87%
16 A Car, a Torch, a Death / Nico and the Niners / Time To Say Goodbye
80%
14 Heavydirtysoul / Level of Concern / Overcompensate / Mulberry Street / Days Lie Dormant / Holding on to You / Addict With A Pen / I Need Something
80%
21 Isle Of Flightless Birds / Christmas Saves The Year
80%
4 Ride / Ruby
80%
13 Tear in My Heart / Semi-Automatic / Leave the City / Midwest Indigo / Paladin Strait / Oldies Station / March to the Sea
80%
3 Two
80%
5 Morph / Trees / Tally / Goner / Clear / Doubt / Truce / Korea
73%
11 Never Take It / Fairly Local / Be Concerned / Stressed Out / House of Gold / Robot Voices / Kitchen Sink / Smithereens / The Run and Go / Glowing Eyes / The Contract
73%
10 Pet Cheetah / Navigating / Redecorate / Downstairs / The Outside / Center Mass / Message Man / Fake You Out / Intentions / Formidable / Ode to Sleep / Air Catcher / Cottonwood
73%
12 Friend, Please / Guns for Hands / The Pantaloon / Next Semester / Oh, Ms Believer
67%
9 Johnny Boy / No Chances / Bounce Man / Backslide / City Walls / Doubt (demo)
60%
15 Neon Gravestones
60%
18 Routines In The Night
60%
23 Coconut Sharks in The Water / The Craving (Single Version) / The Craving (Jenna's Version)
53%
No matching quizzes found
Score Distribution
Percent of People with Each Score
Percentile by Number Answered
Your Score History
You have not taken this quiz